000 00365 a2200157 4500
001 155515
040 _cEscola São Tomás de Aquino
100 _aBENTON, Jim
240 1 0 _aQuerido diário otário
_lpor
245 1 0 _aQuerido diário otário
300 _a142
362 0 _a2011
440 1 _aFundamento
697 _a*LITERATURA INFANTO JUVENIL
942 _cBK
999 _c155515
_d155515